<?xml version="1.0" encoding="UTF-8"?><?xml-stylesheet type="text/xsl" href="static/style.xsl"?><OAI-PMH xmlns="http://www.openarchives.org/OAI/2.0/" xmlns:xsi="http://www.w3.org/2001/XMLSchema-instance" xsi:schemaLocation="http://www.openarchives.org/OAI/2.0/ http://www.openarchives.org/OAI/2.0/OAI-PMH.xsd"><responseDate>2026-04-17T01:22:35Z</responseDate><request verb="GetRecord" identifier="oai:www.recercat.cat:11351/5097" metadataPrefix="marc">https://recercat.cat/oai/request</request><GetRecord><record><header><identifier>oai:recercat.cat:11351/5097</identifier><datestamp>2025-10-24T07:46:18Z</datestamp><setSpec>com_2072_378064</setSpec><setSpec>com_2072_378040</setSpec><setSpec>col_2072_378075</setSpec></header><metadata><record xmlns="http://www.loc.gov/MARC21/slim" xmlns:dcterms="http://purl.org/dc/terms/" xmlns:xsi="http://www.w3.org/2001/XMLSchema-instance" xmlns:doc="http://www.lyncode.com/xoai" xsi:schemaLocation="http://www.loc.gov/MARC21/slim http://www.loc.gov/standards/marcxml/schema/MARC21slim.xsd">
   <leader>00925njm 22002777a 4500</leader>
   <datafield ind2=" " ind1=" " tag="042">
      <subfield code="a">dc</subfield>
   </datafield>
   <datafield ind2=" " ind1=" " tag="720">
      <subfield code="a">Diego, Laura</subfield>
      <subfield code="e">author</subfield>
   </datafield>
   <datafield ind2=" " ind1=" " tag="720">
      <subfield code="a">Robert, Laia</subfield>
      <subfield code="e">author</subfield>
   </datafield>
   <datafield ind2=" " ind1=" " tag="720">
      <subfield code="a">Pellicer, Àngels</subfield>
      <subfield code="e">author</subfield>
   </datafield>
   <datafield ind2=" " ind1=" " tag="720">
      <subfield code="a">Rodríguez, Gemma</subfield>
      <subfield code="e">author</subfield>
   </datafield>
   <datafield ind2=" " ind1=" " tag="720">
      <subfield code="a">Rosich-Martí, Isabel</subfield>
      <subfield code="e">author</subfield>
   </datafield>
   <datafield ind2=" " ind1=" " tag="720">
      <subfield code="a">Ribes, Esther</subfield>
      <subfield code="e">author</subfield>
   </datafield>
   <datafield ind2=" " ind1=" " tag="260">
      <subfield code="c">2020-07-21T09:24:17Z</subfield>
   </datafield>
   <datafield ind2=" " ind1=" " tag="260">
      <subfield code="c">2020-07-21T09:24:17Z</subfield>
   </datafield>
   <datafield ind2=" " ind1=" " tag="260">
      <subfield code="c">2020-03</subfield>
   </datafield>
   <datafield ind2=" " ind1=" " tag="520">
      <subfield code="a">Antibiòtic; Resistències antimicrobianes; Infecció del tracte urinari</subfield>
   </datafield>
   <datafield ind2=" " ind1=" " tag="520">
      <subfield code="a">Antibiótico; Resistencias antimicrobianas; Infección del tracto urinario</subfield>
   </datafield>
   <datafield ind2=" " ind1=" " tag="520">
      <subfield code="a">Antibiotic; Antimicrobial resistance; Urinary tract infection</subfield>
   </datafield>
   <datafield ind2=" " ind1=" " tag="520">
      <subfield code="a">Les resistències als antibiòtics afecten la capacitat de controlar les infeccions d’una manera efectiva. S’estima que l’any 2050 morirà més gent per infeccions de bacteris multiresistents que per càncer. En l’atenció primària es duen a terme el 90 % de les prescripcions d’antibiòtics, i es calcula que aproximadament entre el 30 i el 50 % de les prescripcions podrien ser inapropiades. Les infeccions del tracte urinari (ITU) es consideren una de les infeccions més freqüents en aquest àmbit, i amb creences errònies associades al seu maneig, com ara que cal tractar sistemàticament la bacteriúria en absència de símptomes, cosa que contribueix a una sobreprescripció d’antibiòtics. Hi ha evidència que ens indica que la fosfomicina trometamol en una dosi única de 3 grams és el tractament d’elecció, i la nitrofurantoïna és l’alternativa, sempre que el tractament no duri més de set dies. En general, no està indicat l’ús de cefalosporines de tercera generació i fluoroquinolones en el tractament empíric per tal d’evitar el desenvolupament de soques d’E. coli amb beta-lactamasa d’espectre estès (BLEE). En les cistitis recurrents, la profilaxi antibiòtica s’ha mostrat efectiva, però també hi ha altres estratègies, com ara augmentar la ingesta de líquids, utilitzar estrògens vaginals en dones postmenopàusiques o la micció postcoital, que en podrien reduir el risc. El paper dels nabius, els probiòtics, les autovacunes o la D-mannosa en la prevenció de les recurrències és limitat i controvertit.</subfield>
   </datafield>
   <datafield ind2=" " ind1=" " tag="520">
      <subfield code="a">La resistencia a los antibióticos está afectando a nuestra capacidad de controlar las infecciones de forma efectiva. Se estima que en el año 2050 la mortalidad por infecciones de bacterias multiresistentes superará a la mortalidad asociada al cáncer. El 90% de las prescripciones de antibióticos se realizan en el contexto de la atención primaria y se estima que aproximadamente entre el 30 y el 50% de las prescripciones podrían ser inapropiadas. Las infecciones del tracto urinario se consideran una de las infecciones más frecuentes en este ámbito y algunas creencias erróneas, como que es necesario tratar sistemáticamente la bacteriuria en ausencia de síntomas, están contribuyendo a la sobreprescripción de antibióticos. La evidencia disponible indica que Fosfomicina trometamol 3g en dosis única es el tratamiento de elección y la nitrofurantoina su alternativa, siempre que la duración del tratamiento no supere los 7 días. En general no está indicado el uso de cefalosporinas de tercera generación y fluoroquinolonas como tratamiento empírico para evitar el desarrollo de cepas de E. coli BLEE. En las cistitis recurrentes la profilaxis antibiótica ha demostrado ser efectiva. Disponemos también de otras estrategias como aumentar la ingesta de líquidos, utilizar estrógenos vaginales en mujeres postmenopáusicas o la micción post coital que parece podrían reducir el riesgo de recurrencias. El papel de los arándanos, los probióticos, las autovacunas o la D-manosa en la prevención de las recurrencias es limitado y controvertido.</subfield>
   </datafield>
   <datafield ind1="8" ind2=" " tag="024">
      <subfield code="a">http://hdl.handle.net/11351/5097</subfield>
   </datafield>
   <datafield tag="653" ind2=" " ind1=" ">
      <subfield code="a">Aparell genitourinari - Malalties - Tractament</subfield>
   </datafield>
   <datafield tag="653" ind2=" " ind1=" ">
      <subfield code="a">Antibiòtics</subfield>
   </datafield>
   <datafield tag="653" ind2=" " ind1=" ">
      <subfield code="a">DISEASES::Male Urogenital Diseases::Urologic Diseases::Urinary Bladder Diseases::Cystitis</subfield>
   </datafield>
   <datafield tag="653" ind2=" " ind1=" ">
      <subfield code="a">Other subheadings::Other subheadings::Other subheadings::/drug therapy</subfield>
   </datafield>
   <datafield tag="653" ind2=" " ind1=" ">
      <subfield code="a">CHEMICALS AND DRUGS::Chemical Actions and Uses::Pharmacologic Actions::Therapeutic Uses::Anti-Infective Agents::Anti-Bacterial Agents</subfield>
   </datafield>
   <datafield tag="653" ind2=" " ind1=" ">
      <subfield code="a">ENFERMEDADES::enfermedades urogenitales masculinas::enfermedades urológicas::enfermedades vesicales::cistitis</subfield>
   </datafield>
   <datafield tag="653" ind2=" " ind1=" ">
      <subfield code="a">Otros calificadores::Otros calificadores::Otros calificadores::/tratamiento farmacológico</subfield>
   </datafield>
   <datafield tag="653" ind2=" " ind1=" ">
      <subfield code="a">COMPUESTOS QUÍMICOS Y DROGAS::acciones y usos químicos::acciones farmacológicas::usos terapéuticos::antiinfecciosos::antibacterianos</subfield>
   </datafield>
   <datafield ind2="0" ind1="0" tag="245">
      <subfield code="a">Cistitis no complicada en dones: 5 estratègies per millorar la prescripció</subfield>
   </datafield>
   <datafield ind2="0" ind1="0" tag="245">
      <subfield code="a">Cistitis no complicada en mujeres: 5 estrategias para mejorar la prescripción</subfield>
   </datafield>
</record></metadata></record></GetRecord></OAI-PMH>